| Tag |
First Indicator |
Second Indicator |
Subfields |
| LEADER |
00000cam a2200000 a 4500 |
| 001 |
in00001336921 |
| 005 |
20200721111243.0 |
| 008 |
970110s1996 at b b 000 0 eng d |
| 020 |
|
|
|a 0869107038
|
| 035 |
|
|
|a (OCoLC)36185457
|
| 035 |
|
|
|9 AHE7151AM
|
| 040 |
|
|
|a CBT
|c CBT
|d TXA
|d UtOrBLW
|
| 043 |
|
|
|a u-at---
|
| 049 |
|
|
|a TXAM
|
| 090 |
|
|
|a TE6.A8
|b .A8327 no.285
|
| 245 |
0 |
0 |
|a Construction variability, local roads :
|b the Nangiloc trial /
|c Richard E.Y. Yeo [and others].
|
| 264 |
|
1 |
|a Vermont South, Vic. :
|b ARRB Transport Research Ltd.,
|c [1996]
|
| 300 |
|
|
|a 19 pages :
|b map ;
|c 30 cm.
|
| 336 |
|
|
|a text
|b txt
|2 rdacontent
|
| 337 |
|
|
|a unmediated
|b n
|2 rdamedia
|
| 338 |
|
|
|a volume
|b nc
|2 rdacarrier
|
| 490 |
1 |
|
|a Research report ARR,
|x 0518-0728 ;
|v no. 285
|
| 500 |
|
|
|a "June 1996."
|
| 504 |
|
|
|a Includes bibliographical references (page 18).
|
| 650 |
|
0 |
|a Pavements
|z Australia
|x Performance.
|
| 650 |
|
0 |
|a Aggregates (Building materials)
|z Australia
|x Evaluation.
|
| 650 |
|
0 |
|a Pavements
|z Australia
|x Design and construction.
|
| 700 |
1 |
|
|a Yeo, Richard E. Y.
|
| 710 |
2 |
|
|a ARRB Transport Research.
|
| 830 |
|
0 |
|a Research report ARR.
|x 0518-0728 ;
|v no. 285.
|
| 999 |
|
|
|a MARS
|
| 999 |
f |
f |
|s 2021b4f0-f275-3ab8-ae07-7116366e39bd
|i 442dee45-e501-3cee-986e-23d17b2dffa8
|t 0
|
| 952 |
f |
f |
|p ric
|a Texas A&M University
|b Rellis Campus
|c Joint Library Facility
|d Remote Storage
|t 0
|e TE6.A8 .A8327 no.285
|h Library of Congress classification
|i unmediated -- volume
|m A14820395032
|
| 998 |
f |
f |
|a TE6.A8 .A8327 no.285
|t 0
|l Remote Storage
|